Underlines Quiz - Statistics

General Stats
  • This quiz has been taken 11 times
  • The average score is 5 of 20
Answer Stats
Hint Answer % Correct
Powered super-power country United {States}
100%
United Kingdom enemy of ... {Ireland}.
43%
In a Russo Ukraine war, its so bad when Its a deadly war cames here. The {Russia} started ago when deadly war is here.
43%
In a day of February, the war started in 2022 after it starts:Russo Ukraine War Deadlist {War}.
29%
Afghanistan ranks in Dangerous country is... Rank: {1st}
29%
Why is Bangladesh is illegal to drink Alcohol? Ranks {1st} in the world.
29%
Is TikTok cringe? Yes, cringest app in the play store app, so India banned {TikTok}
29%
In a fingure it out, a India started Independence DayWhat day it starts Independence Day? 15th August, {Monday}
14%
Three Different Types of Kyrgyzstan: {3 different types of Kyrgyzstan}:Its a 1st most hardest saying word in the world. He ranks 1st in the world in the Hardest Saying Country Word. He have 6,778,661 of population.
14%
United Kingdom enemy of ... {Argentina}.
14%
in India, what app he bans? {Chinese App} and {PUBG Battlegrounds}.
14%
Why Hungary has Russia Friend? He hates {Ukraine} and supports {Russia}.
14%
Strongest Country after in Parellel Universe Iceland {Parellel Universe}
14%
In translation of English - Hindi,I type 'India' in English Translation box and it translations 'Bharat' (भारत). In a {Translation box} i typed India and it said Engdi is:bhaarat.
14%
Which country has similar nukes in the world? {India} and {Pakistan}.{India's} nukes: 190 {Pakistan's} nukes: 195
14%
When i have lemon of drink, it tastes like SOUR. It is its {sour} of the Lemon Drink.
14%
Declare War Ukraine Russia, {War of Ukraine}.
14%
Lemon Drink is a taste what it looks like 'SOUR'. 'SOUR' is a taste of lemon, so i called {Sour Lemon Drink}.
14%
Why India banned PUBG Battlegrounds There are {Bots, Winning, Saying English}. and {more}!
0%
The number of nukes in South Asia the Pakistan and a India has 195 for Pakistan's nukes. in India, it has 190 nukes. What if Pakistan India just have similar nukes here? The {similar} nukes of Pakistan & India:India's nukes: 190 Pakistan's nukes: 195
0%
No matching quizzes found
Score Distribution
Percent of People with Each Score
Percentile by Number Answered
Your Score History
You have not taken this quiz